Groupes de choses - Bourgogne-Franche-Comté - Statistiques

Statistiques générales
  • Ce quiz a été pris 86 fois
  • Le résultat moyen est 45 sur 222
Statistiques - réponses
Indice Réponse % Correct
Les préfectures des départements de la région Côte-d'Or {Dijon}
82%
10 communes les plus peuplées | 5 plus grandes aires urbaines | Cathédrales de la région | Villes d'art et d'histoire Dijon
82%
Les départements constituant la région Territoire de Belfort
78%
10 communes les plus peuplées | 5 plus grandes aires urbaines | Cathédrales de la région | Villes d'art et d'histoire Belfort
74%
10 communes les plus peuplées | 5 plus grandes aires urbaines | Cathédrales de la région | Villes d'art et d'histoire Besançon
74%
Les préfectures des départements de la région Doubs {Besançon}
74%
Monuments et sites inscrits au patrimoine mondial de l'UNESCO Fortifications et Citadelle de {Besançon}
74%
Les préfectures des départements de la région Territoire de Belfort {Belfort}
74%
10 communes les plus peuplées | Cathédrales de la région Auxerre
70%
Les départements constituant la région Côte-d'Or
70%
Les départements constituant la région Saône-et-Loire
70%
Les préfectures des départements de la région Yonne {Auxerre}
70%
Les départements constituant la région Doubs
69%
Les départements constituant la région Haute-Saône
69%
Les départements constituant la région Jura
69%
Les départements constituant la région Nièvre
65%
Les départements constituant la région Yonne
64%
10 communes les plus peuplées | Cathédrales de la région | Villes d'art et d'histoire Nevers
61%
Les préfectures des départements de la région Nièvre {Nevers}
61%
Films tournés dans la région 1932 Poil de {Carotte}
59%
10 communes les plus peuplées Mâcon
58%
Les préfectures des départements de la région Saône-et-Loire {Mâcon}
58%
Films tournés dans la région 1990 Cyrano de {Bergerac}
57%
Les préfectures des départements de la région Jura {Lons-le-Saunier}
57%
10 communes les plus peuplées | Villes d'art et d'histoire Dole
55%
Les préfectures des départements de la région Haute-Saône {Vesoul}
54%
Cathédrales de la région Vesoul
54%
Les autoroutes de la région A6
50%
10 communes les plus peuplées | 5 plus grandes aires urbaines | Cathédrales de la région | Villes d'art et d'histoire Chalon-sur-Saône
50%
Films tournés dans la région 1961 Les trois {mousquetaires}
49%
Films tournés dans la région 1958 Ni vu {ni connu}
47%
Films tournés dans la région 1959 Hiroshima {mon amour}
41%
10 communes les plus peuplées | 5 plus grandes aires urbaines | Pays d'art et d'histoire Montbéliard
41%
Films tournés dans la région 2018 Belle et {Sébastien}
39%
Les autoroutes de la région A5
39%
Films tournés dans la région 1966 La grande {vadrouille}
38%
Films tournés dans la région 1938 Jeannette {Bourgogne}
36%
Les autoroutes de la région A31
36%
Les anciennes provinces de ce territoire Bourgogne
36%
Monuments et sites inscrits au patrimoine mondial de l'UNESCO Climats du vignoble de {Bourgogne}
36%
10 communes les plus peuplées | Cathédrales de la région Sens
36%
Les autoroutes de la région A36
35%
Les autoroutes de la région A39
35%
Le club de football de la région AJ Auxerre
34%
Films tournés dans la région 2017 Ce qui nous {lie}
31%
Films tournés dans la région 1964 Angélique, marquise {des anges}
30%
Les autoroutes de la région A38
30%
Films tournés dans la région 1974 Les Bidasses s'en vont {en guerre}
28%
Films tournés dans la région 2016 Baden {Baden}
28%
Monuments et sites inscrits au patrimoine mondial de l'UNESCO Saline royale d'{Arc-et-Senans}
28%
Les autoroutes de la région A37
27%
Les festivals de la région {Eurockéennes} Belfort
26%
Films tournés dans la région 2016 La Folle histoire {de Max et Léon}
23%
Films tournés dans la région 1969 Tout peut {arriver}
20%
Les autoroutes de la région A77
20%
Les autoroutes de la région A79
19%
Cathédrales de la région | Villes d'art et d'histoire Autun
19%
Les anciennes provinces de ce territoire Franche-Comté
19%
Monuments et sites inscrits au patrimoine mondial de l'UNESCO Grande saline de {Salins-les-Bains}
19%
Acteurs originaires de la région Tahar {Rahim}
19%
Monuments et sites inscrits au patrimoine mondial de l'UNESCO Basilique de {Vézelay}
18%
Films tournés dans la région 1970 Le Cercle {rouge}
16%
Films tournés dans la région 1989 La Révolution {française}
15%
Cathédrales de la région Saint-Claude
12%
Films tournés dans la région 1973 Les granges {brûlées}
9%
Films tournés dans la région 2003 Le mystère de la {chambre jaune}
9%
Monuments et sites inscrits au patrimoine mondial de l'UNESCO Abbaye de {Fontenay}
9%
Films tournés dans la région 2001 Le petit {Poucet}
8%
Films tournés dans la région 2011 L'Exercice de {l'Etat}
8%
Films tournés dans la région 2017 Jusqu'à la {garde}
8%
Films tournés dans la région 2019 Je voudrais que quelqu'un {m'attende quelque part}
8%
Monuments et sites inscrits au patrimoine mondial de l'UNESCO Chapelle de {Ronchamp}
8%
Les festivals de la région {Cinéma} Audincourt Bloddy week-end
8%
Les festivals de la région {Cinéma} Ecrans de l'aventure Dijon
8%
Les festivals de la région {Cinéma} Image institutionnelle et corporate Le Creusot
8%
Les festivals de la région {Cinéma} Lumières d'Afrique Besançon
8%
Les festivals de la région {Cinéma} Marcigny
8%
Les festivals de la région {Cinéma} Pontarlier
8%
Films tournés dans la région 1971 La veuve {Couderc}
7%
Films tournés dans la région 1985 Partir, {revenir}
7%
Films tournés dans la région 2005 {Le petit} lieutenant
7%
Films tournés dans la région 2011 Voir {la mer}
7%
Films tournés dans la région 2020 L'Enfant {rêvé}
7%
Les autoroutes de la région A391
7%
Acteurs originaires de la région Alban {Lenoir}
7%
Films tournés dans la région 1965 {Merveilleuse} Angélique
5%
Films tournés dans la région 2007 Michou {d'Auber}
5%
Les autoroutes de la région A311
5%
Les anciennes provinces de ce territoire Alsace
5%
Les anciennes provinces de ce territoire Champagne
5%
Actrice originaire de la région Edwige {Feuillère}
5%
Séries tournées dans la région Hero {corp}
5%
Les festivals de la région {Musique} Auxerre
5%
Les festivals de la région {Musique} Besançon
5%
Les festivals de la région {Musique} en Brionnais
5%
Les festivals de la région {Musique} Herbe en zik Besançon
5%
Les festivals de la région {Musique} Métabief
5%
Les festivals de la région {Musique} Rolling Stone Gray
5%
Les festivals de la région {Musique} universitaire
5%
Les anciennes provinces de ce territoire Nivernais
5%
Films tournés dans la région 1966 Angélique et {le Roy}
4%
Films tournés dans la région 1966 La ligne {de démarcation}
4%
Films tournés dans la région 1995 Les {Misérables}
4%
Films tournés dans la région 2015 Premiers {crus}
4%
Films tournés dans la région 2020 Des {hommes}
4%
Acteurs originaires de la région Jean-François {Stévenin}
4%
Séries tournées dans la région {Meurtre} dans...
4%
Acteurs originaires de la région Robinson {Stévenin}
4%
Films tournés dans la région 1957 La route {joyeuse}
3%
Films tournés dans la région 1969 Mon oncle {Benjamin}
3%
Films tournés dans la région 1974 Les {Valseuses}
3%
Films tournés dans la région 2002 Peur d'{ange}
3%
Films tournés dans la région 2005 Le promeneur {du Champs de Mars}
3%
Films tournés dans la région 2014 Elle {l'adore}
3%
Films tournés dans la région 2015 Microbe et {Gasoil}
3%
Films tournés dans la région 2019 Le Choix d'{Ali}
3%
Films tournés dans la région 2021 Le sens de la {famille}
3%
Les autoroutes de la région A319
3%
Les autoroutes de la région A406
3%
Actrice originaire de la région Claude {Jade}
3%
Les festivals de la région {Détonation} Besançon
3%
Les festivals de la région {Film} Belfort
3%
Les anciennes provinces de ce territoire Ile de France
3%
Actrice originaire de la région Jacqueline {Maillan}
3%
Acteurs originaires de la région Jean-Marc {Thibault}
3%
Acteurs originaires de la région Robin {Renucci}
3%
Acteurs originaires de la région Simon {Astier}
3%
Trains grande vitesse passant par Dijon TGV Inoui
3%
Trains grande vitesse passant par Dijon TGV Lyria
3%
Actrice originaire de la région Vanessa {Guide}
3%
Films tournés dans la région 1949 L'{auberge} du pêché
1%
Films tournés dans la région 1962 Le septième {juré}
1%
Films tournés dans la région 1978 Passe {montagne}
1%
Films tournés dans la région 2003 {Bon} voyage
1%
Films tournés dans la région 2010 Je ne vous {oublierai jamais}
1%
Films tournés dans la région 2015 Comme {un avion}
1%
Acteurs originaires de la région Jocelyn {Quivrin}
1%
Villes d'art et d'histoire La Charité-sur-Loire
1%
Monuments et sites inscrits au patrimoine mondial de l'UNESCO Lacs de {Chalain} et {Clairvaux}
1%
Actrice originaire de la région Marie-Pierre {Casey}
1%
Séries tournées dans la région Nicolas {Le Floch}
1%
Les festivals de la région {Opéra} d'automne Semur-en-Auxois
1%
Les anciennes provinces de ce territoire Orléanais
1%
Réalisateurs originaires de la région Patrick {Darabont}
1%
Monuments et sites inscrits au patrimoine mondial de l'UNESCO Prieuré de {La Charité-sur-Loire}
1%
Films tournés dans la région 1958 Les {Amants}
0%
Films tournés dans la région 1962 Le repos (du guerrier}
0%
Films tournés dans la région 1966 Le Voyage {du père}
0%
Films tournés dans la région 1969 {Clérambard}
0%
Films tournés dans la région 1980 L'empreinte des {Géants}
0%
Films tournés dans la région 1982 La {Truite}
0%
Films tournés dans la région 2001 Trois {huit}
0%
Films tournés dans la région 2005 Comme une {image}
0%
Films tournés dans la région 2006 {Indigènes}
0%
Films tournés dans la région 2006 {Molière}
0%
Films tournés dans la région 2006 {Stardust}
0%
Films tournés dans la région 2010 La vie sauvage {des animaux domestiques}
0%
Films tournés dans la région 2010 Mon {pote}
0%
Films tournés dans la région 2012 Le jour de la {grenouille}
0%
Films tournés dans la région 2012 Quelques heures {de printemps}
0%
Films tournés dans la région 2014 Gaby {Baby Doll}
0%
Films tournés dans la région 2014 La pièce {manquante}
0%
Films tournés dans la région 2017 Chacun {sa vie}
0%
Films tournés dans la région 2019 Je te promets {d'être sage}
0%
Films tournés dans la région 2019 Les {Vétos}
0%
Films tournés dans la région 2021 Fox {hunt}
0%
Films tournés dans la région 2021 Le dernier {duel}
0%
Séries tournées dans la région Amour-{fou}
0%
Actrice originaire de la région Angélique {Boyer}
0%
Acteurs originaires de la région Axel {Auriant}
0%
Acteurs originaires de la région Bernard {Menez}
0%
Les lieux labelisés Grand site de France Bibracte Mont Beuvray
0%
Les festivals de la région {Brel} Vesoul
0%
Pays d'art et d'histoire Charolais-Brionnais
0%
Les festivals de la région {Court métrage} Dijon
0%
Acteurs originaires de la région Damien {Jouillerot}
0%
Monuments et sites inscrits au patrimoine mondial de l'UNESCO Eglise de {Folleville}
0%
Pays d'art et d'histoire Entre Cluny et Tournus
0%
Les festivals de la région {Film policier} Beaune
0%
Acteurs originaires de la région François {Maistre}
0%
Actrice originaire de la région Géraldine {Giraud}
0%
Les festivals de la région {Grands crus} Bourgogne-Franche-comté
0%
Acteurs originaires de la région Henri {Virlogeux}
0%
Acteurs originaires de la région Hervé {Pierre}
0%
Acteurs originaires de la région Jacques {Frantz}
0%
Les festivals de la région {Jazz et musique improvisée} en Franche-comté
0%
Acteurs originaires de la région Jean {Champion}
0%
Réalisateurs originaires de la région Jean {Devaivre}
0%
Pays d'art et d'histoire Jovinien
0%
Acteurs originaires de la région Louis {Bugette}
0%
Actrice originaire de la région Maud {Forget}
0%
Les festivals de la région {Musique classique} Estivales de Puisaye
0%
Les festivals de la région {Musique et cinéma} Yonne
0%
Les festivals de la région {Musique lyrique} Montperreux
0%
Villes d'art et d'histoire Noyon
0%
Les festivals de la région {Nuit bleue} Arc-et-Senans
0%
Les festivals de la région {Opéra baroque} Beaune
0%
Les festivals de la région {Orgues} Jura
0%
Acteurs originaires de la région Patrick {Bouchitey}
0%
Cathédrales de la région Pontigny
0%
Réalisateurs originaires de la région Raphaël {Jacoulot}
0%
Les lieux labelisés Grand site de France Solutré Pouilly Vergisson
0%
Aucun quiz correspondant
Distribution des résultats
% des personnes avec chaque résultat
Percentile par nombre de réponses
Votre historique - résultats
Vous n’avez pas pris ce quiz